| 000 | 00685 a2200229 4500 | ||
|---|---|---|---|
| 999 |
_c529033 _d529033 |
||
| 003 | NUST | ||
| 005 | 20190918130733.0 | ||
| 008 | 170613b xxu||||| |||| 00| 0 eng d | ||
| 038 | _aMSOHAIL | ||
| 040 | _cNUST | ||
| 082 |
_a891.4393 _bAHM |
||
| 100 |
_aUmaira Ahmad _92510 |
||
| 245 |
_aAmar bail _cUmaira Ahmad |
||
| 260 |
_aLahore _bIlm-o-Irfan Publishers _c2011 |
||
| 300 | _a760 p. | ||
| 650 |
_aUrdu--Novel _92511 |
||
| 700 |
_aUmaira Ahmad _92510 |
||
| 880 |
_6100-01\(3\r _aعمیرہ احمد |
||
| 880 |
_6245-02\(3\r _aامربیل _cعمیرہ احمد |
||
| 880 |
_6260-03\(3\r _aلاہور: _bعلم و عرفان پبلشرز، _c2011 |
||
| 942 |
_cBK _k891.4393 UMA _2ddc |
||